| 000 | 00747nam a2200253 a 4500 | ||
|---|---|---|---|
| 003 | DO-SdBNP | ||
| 005 | 20220120133259.0 | ||
| 007 | ta | ||
| 008 | 220120e2019 dr ||||gr|||| 000 pdspa d | ||
| 020 | _a9789945220094 | ||
| 040 |
_aDO-SdBNP _bspa _cBNPHU |
||
| 082 | 4 |
_222 _bE742d |
|
| 100 | 1 |
_aEscarlante, Arcenio _980986 |
|
| 245 | 1 | 0 |
_aDando Gloria a Dios: _b(poemas) / _cArcenio Escarlante |
| 246 | _aPoemas | ||
| 260 | 4 |
_aSanto Domingo : _bBúho, _c2019 |
|
| 300 |
_a65, (1) p. ; _c23 cm. |
||
| 500 | _aIncluye datos biográficos del autor en la solapa de la portada. | ||
| 590 | _aInventariado 2022 / MF | ||
| 650 | 4 |
_924596 _aLiteratura Cristiana Dominicana |
|
| 650 | 4 |
_911869 _aDios _xPoesía |
|
| 910 | _aMFéliz | ||
| 942 |
_2ddc _cLBS1 |
||
| 999 |
_c51205 _d51205 |
||